| 000 | 00690nam a2200229 a 4500 | ||
|---|---|---|---|
| 001 | 2575737 | ||
| 005 | 20240222002213.0 | ||
| 008 | 950720s1995 ii b 000 0 eng | ||
| 020 | _a8123403682 : | ||
| 040 |
_aDLC _cDLC |
||
| 082 |
_222 _a322.4. _bUND. |
||
| 100 | 1 | _aSivathamby, Karthigesu. | |
| 245 | 1 | 0 |
_aUnderstanding the Dravidian movement : _bproblems and perspectives / _cKarthigesu Sivathamby. |
| 250 | _a1st ed. | ||
| 260 |
_aMadras : _bNew Century Book House, _c1995. |
||
| 300 | _a66 p. ; | ||
| 500 | _aCover title: Understanding Dravidian movement. | ||
| 500 | _a"8th World Tamil Conference special publication." | ||
| 650 | 0 | _aNationalism | |
| 650 | 0 | _aCaste | |
| 942 | _cL | ||
| 999 |
_c469 _d469 |
||